[Event "Turkish Super League 2019"]
[Site "Konya"]
[Date "2019.07.20"]
[Round "4"]
[White "Tarlabasi, Emirhan"]
[Black "Tanriverdi, Enes"]
[Result "1/2-1/2"]
[WhiteElo "2352"]
[BlackElo "2374"]
[Annotator "NA"]
[PlyCount "75"]
[EventDate "2019.07.17"]
[EventType "team-tourn"]
[EventCountry "TUR"]
[SourceTitle "playchess.com"]
[Source "ChessBase"]
[SourceQuality "1"]
[TimeControl "40/5400+30:1800+30"]

1. d4 Nf6 2. c4 e6 3. Nc3 Bb4 4. Nf3 c5 5. Bd2 O-O 6. e3 cxd4 7. Nxd4 Nc6 8. a3 Bxc3 9. Bxc3 Ne4 10. Qc2 Nxc3 11. Qxc3 b6 12. Nxc6 dxc6 13. Be2 Ba6 14. O-O c5 15. Bf3 Rb8 16. Rfd1 Qc7 17. Rd3 Rfd8 18. Rad1 Kf8 19. b3 f6 20. Qc2 g6 21. h4 Rxd3 {[%emt 1:03:30]} 22. Qxd3 {[%emt 1:17:00]} Ke7 {[%emt 0:00:30]} 23. Bg4 {[%emt 0:00:30]} Bb7 {[%emt 0:00:30]} 24. h5 {[%emt 0:02:30]} Rg8 {[%emt 0:02:30]} 25. h6 {[%emt 0:07:37]} Bc6 {[%emt 0:02:30]} 26. a4 {[%emt 0:04:36]} a5 {[%emt 0:01:30]} 27. Rd2 {[%emt 0:05:18]} f5 {[%emt 0:01:30]} 28. Bf3 {[%emt 0:00:36]} Bxf3 {[%emt 0:00:30]} 29. gxf3 {[%emt 0:00:04]} Rd8 {[%emt 0:06:30]} 30. Qc3 {[%emt 0:01:39]} Rxd2 {[%emt 0:01:30]} 31. Qxd2 {[%emt 0:00:03]} Qe5 {[%emt 0:00:00]} 32. f4 {[%emt 0:00:58]} Qf6 {[%emt 0:00:00]} 33. Qe2 {[%emt 0:01:06]} Qf8 {[%emt 0:14:05]} 34. Qf3 {[%emt 0:00:32]} Qc8 {[%emt 0:00:07]} 35. Qd1 {[%emt 0:00:39]} Qh8 {[%emt 0:01:32]} 36. Qf3 {[%emt 0:00:17]} Qc8 {[%emt 0:01:26]} 37. Qd1 {[%emt 0:00:46]} Qf8 {[%emt 0:02:04]} 38. Qf3 {[%emt 0:00:27]} 1/2-1/2

[Event "Turkish Super League 2019"]
[Site "Konya"]
[Date "2019.07.20"]
[Round "4"]
[White "Savina, Anastasia"]
[Black "Ozturk, Kubra"]
[Result "1-0"]
[WhiteElo "2344"]
[BlackElo "2317"]
[Annotator "NA"]
[PlyCount "49"]
[EventDate "2019.07.17"]
[EventType "team-tourn"]
[EventCountry "TUR"]
[SourceTitle "playchess.com"]
[Source "ChessBase"]
[SourceQuality "1"]
[TimeControl "40/5400+30:1800+30"]

1. d4 d5 2. c4 e6 3. Nc3 Be7 4. cxd5 exd5 5. Bf4 c6 6. e3 Bf5 7. g4 Be6 8. h3 Nd7 9. Bd3 g5 10. Bg3 h5 11. gxh5 Ngf6 12. Be2 Qb6 13. a3 Ne4 14. Nxe4 dxe4 {[%emt 0:54:00]} 15. f3 {[%emt 1:26:01]} Nf6 {[%emt 0:11:30]} 16. Be5 {[%emt 0:02:30]} exf3 {[%emt 0:07:30]} 17. Bxf3 {[%emt 0:01:43]} Qxb2 {[%emt 0:04:30]} 18. Ne2 {[%emt 0:01:03]} O-O-O {[%emt 0:02:29]} 19. O-O {[%emt 0:05:33]} Rh6 {[%emt 0:03:21]} 20. Qa4 {[%emt 0:02:07]} Rd5 {[%emt 0:12:05]} 21. Qxa7 {[%emt 0:01:24]} Qb3 {[%emt 0:00:03]} 22. Rab1 {[%emt 0:00:26]} Qxe3+ {[%emt 0:00:15]} 23. Rf2 {[%emt 0:00:09]} Rxe5 {[%emt 0:04:26]} 24. Qa8+ {[%emt 0:00:26]} Kc7 {[%emt 0:00:50]} 25. Rxb7+ {[%emt 0:00:42]} 1-0

[Event "Turkish Super League 2019"]
[Site "Konya"]
[Date "2019.07.20"]
[Round "4"]
[White "Kamer, Kayra"]
[Black "Unat, Can Haktan"]
[Result "1-0"]
[WhiteElo "2340"]
[BlackElo "2034"]
[Annotator "NA"]
[PlyCount "113"]
[EventDate "2019.07.17"]
[EventType "team-tourn"]
[EventCountry "TUR"]
[SourceTitle "playchess.com"]
[Source "ChessBase"]
[SourceQuality "1"]
[TimeControl "40/5400+30:1800+30"]

1. Nf3 Nf6 2. c4 g6 3. g3 Bg7 4. Bg2 O-O 5. O-O d5 6. cxd5 Nxd5 7. d4 Nb6 8. Nc3 Nc6 9. d5 Nb4 10. e4 c6 11. Qb3 Nd3 12. Be3 Nxb2 13. Qxb2 Na4 14. Nxa4 Bxb2 15. Nxb2 cxd5 16. Rfd1 Qa5 17. Rxd5 Qb4 18. Nd3 Qxe4 19. Nfe5 Qa4 20. Nc5 Qe8 21. Bh6 Be6 22. Rdd1 Qb5 23. Nxe6 fxe6 24. Bxf8 Rxf8 25. Nd3 b6 26. Nf4 Rf6 27. Rd2 g5 28. Rd8+ Kf7 29. Nd3 Qa5 30. Be4 e5 31. Bd5+ Kg7 32. Nxe5 e6 33. Rd7+ Kh8 34. Rc1 Rf8 35. Nf7+ Kg7 36. Nxg5+ Kh6 {[%emt 1:30:23]} 37. Nxe6 {[%emt 0:49:30]} Rxf2 {[%emt 0:00:30]} 38. Kxf2 {[%emt 0:00:30]} Qd2+ {[%emt 0:00:30]} 39. Kf3 {[%emt 0:00:30]} Qxc1 {[%emt 0:00:30]} 40. Be4 {[%emt 0:00:30]} Qf1+ {[%emt 0:00:30]} 41. Kg4 {[%emt 0:30:30]} Qe2+ {[%emt 0:30:30]} 42. Kf5 {[%emt 0:00:00]} Qb5+ {[%emt 0:00:00]} 43. Rd5 {[%emt 0:00:00]} Qf1+ {[%emt 0:00:00]} 44. Nf4 {[%emt 0:00:00]} Kg7 {[%emt 0:00:00]} 45. Rd7+ {[%emt 0:00:00]} Kf8 {[%emt 0:00:00]} 46. Rxh7 {[%emt 0:00:00]} Qb5+ {[%emt 0:00:00]} 47. Bd5 {[%emt 0:00:00]} Qb1+ {[%emt 0:00:00]} 48. Kf6 {[%emt 0:00:00]} Qa1+ {[%emt 0:00:00]} 49. Ke6 {[%emt 0:00:00]} Qe1+ {[%emt 0:00:00]} 50. Kd7 {[%emt 0:00:00]} Qe8+ {[%emt 0:00:00]} 51. Kc7 {[%emt 0:00:00]} Qe5+ {[%emt 0:00:00]} 52. Kb7 {[%emt 0:00:00]} Qd6 {[%emt 0:00:00]} 53. Rf7+ {[%emt 0:00:00]} Ke8 {[%emt 0:00:00]} 54. Rc7 {[%emt 0:00:00]} Kf8 {[%emt 0:00:00]} 55. Bf7 {[%emt 0:00:00]} Kg7 {[%emt 0:00:00]} 56. Bc4+ {[%emt 0:00:00]} Kh8 {[%emt 0:00:00]} 57. Be6 {[%emt 0:00:00]} 1-0

[Event "Turkish Super League 2019"]
[Site "Konya"]
[Date "2019.07.20"]
[Round "4"]
[White "Maltsevskaya, Aleksandra"]
[Black "Osmak, Iulija"]
[Result "1/2-1/2"]
[WhiteElo "2294"]
[BlackElo "2395"]
[Annotator "NA"]
[PlyCount "60"]
[EventDate "2019.07.17"]
[EventType "team-tourn"]
[EventCountry "TUR"]
[SourceTitle "playchess.com"]
[Source "ChessBase"]
[SourceQuality "1"]
[TimeControl "40/5400+30:1800+30"]

1. d4 Nf6 2. Nf3 e6 3. c4 b6 4. a3 Bb7 5. Nc3 Ne4 6. Nxe4 Bxe4 7. Nd2 Bg6 8. b3 c5 9. dxc5 Bxc5 10. Bb2 O-O 11. g3 Nc6 12. Bg2 d5 13. O-O Rc8 14. b4 Bd4 15. Bxd4 Nxd4 16. e3 Bc2 17. Qg4 Nc6 18. cxd5 Ne7 {[%emt 1:08:00]} 19. Nf3 {[%emt 1:12:30]} Nxd5 {[%emt 0:00:30]} 20. Nd4 {[%emt 0:00:30]} Nf6 {[%emt 0:06:30]} 21. Qe2 {[%emt 0:11:25]} Be4 {[%emt 0:01:30]} 22. Rfd1 {[%emt 0:00:19]} Bxg2 {[%emt 0:04:43]} 23. Kxg2 {[%emt 0:00:05]} Qd5+ {[%emt 0:01:31]} 24. Qf3 {[%emt 0:01:17]} Qc4 {[%emt 0:02:22]} 25. Rdc1 {[%emt 0:05:00]} Qd3 {[%emt 0:04:41]} 26. Rd1 {[%emt 0:05:53]} Qc4 {[%emt 0:03:28]} 27. Rdc1 {[%emt 0:00:07]} Qd3 {[%emt 0:00:00]} 28. Rd1 {[%emt 0:00:08]} Qc4 {[%emt 0:00:04]} 29. Rdc1 {[%emt 0:00:08]} Qd3 {[%emt 0:00:32]} 30. Rd1 {[%emt 0:00:30]} Qc4 {[%emt 0:00:00]} 1/2-1/2

[Event "Turkish Super League 2019"]
[Site "Konya"]
[Date "2019.07.20"]
[Round "4"]
[White "Dogan, Nazmi Can"]
[Black "Secer, Ata"]
[Result "1/2-1/2"]
[WhiteElo "2276"]
[BlackElo "2324"]
[Annotator "TA"]
[PlyCount "227"]
[EventDate "2019.07.17"]
[EventType "team-tourn"]
[EventCountry "TUR"]
[SourceTitle "playchess.com"]
[Source "ChessBase"]
[SourceQuality "1"]

{[%evp 9,227,6,45,33,27,27,37,46,70,35,43,-1,87,87,87,89,121,125,172,167,168,122,109,120,124,97,93,101,78,81,94,95,97,85,99,93,90,83,89,89,112,106,118,116,114,110,110,108,164,158,231,220,219,220,219,115,190,187,181,76,104,105,124,125,155,155,147,148,155,176,166,162,183,171,195,186,208,170,169,102,192,204,221,200,176,184,241,189,174,174,174,0,161,0,0,0,0,0,0,0,80,80,80,80,81,81,81,81,81,81,81,81,81,81,81,81,81,81,81,81,81,81,81,81,81,81,81,81,81,81,81,81,81,0,81,81,81,81,81,81,81,81,81,81,81,81,81,81,81,81,81,81,81,81,81,49,49,49,49,0,0,0,0,0,0,0,0,0,0,0,0,0,0,0,0,0,0,0,0,0,0,0,0,0,0,0,0,0,0,0,52,52,52,52,52,0,0,0,0,0,60,60,60,0,0,0,0,0,8,0,0,0,0,0,0,0,29982,0,0,0]} 1. d4 d5 2. Nf3 Nf6 3. c4 c6 4. Nc3 a6 5. Ne5 g6 (5... Nbd7 6. Bf4 dxc4 7. Nxc4 b5 8. Ne5 Bb7 9. e3 e6 10. Be2 Be7 11. O-O O-O 12. Bf3 Nd5 13. Bg3 Rc8 14. a4 Nxe5 15. Bxe5 {½-½ (39) Li,C (2751)-Movsesian,S (2653) Huaian 2016}) 6. g3 {D15: Slav Defence: 4 Nc3 a6 and gambit lines after 4 Nc3 dxc4} Bg7 7. Bg2 O-O 8. O-O {White is slightly better.} e6 9. Qd3 Nfd7 $146 ({Predecessor:} 9... b5 10. cxd5 exd5 11. Bg5 h6 12. Bd2 Nfd7 13. f4 Bb7 14. e3 Nb6 15. Rfc1 {½-½ (15) Andersson,U (2640)-Kamsky,G (2640) Reggio Emilia 1991}) 10. Nf3 dxc4 (10... b5 $11) 11. Qxc4 $16 b5 12. Qd3 $36 {[%mdl 2048] White has strong initiative.} c5 13. dxc5 $1 Nxc5 14. Qxd8 Rxd8 15. Bg5 Re8 16. Be3 $1 {[%cal Re3c5]} b4 17. Bxc5 bxc3 18. bxc3 {And now Nd4 would win.} Bb7 19. Rac1 Nd7 20. Be3 Rac8 21. c4 Rc7 22. Nd2 Bxg2 23. Kxg2 Rec8 24. Rc2 a5 25. Rb1 Bf8 26. Rb5 a4 27. Ra5 a3 28. Ra4 Rb7 (28... f5 $16) 29. Nb3 $1 $18 Rb4 (29... Nc5 $16 30. Bxc5 (30. Rxa3 Nd3 $11) 30... Bxc5) 30. Rxb4 Bxb4 31. c5 {Rc4 is the strong threat.} Ne5 32. Bd2 (32. f4 $18 Nc6 33. Rc4) 32... Nc6 (32... Bxd2 $16 33. Nxd2 (33. Rxd2 Nc6 $16) 33... Rc6) 33. Bxb4 $1 Nxb4 {[%mdl 4096] Endgame [#] KRN-KRN} 34. Rd2 (34. Rc4 $1 $18 {[%cal Rc4b4] and the rest is easy.} Rb8 35. c6) 34... Rb8 {[#]} 35. Nc1 $1 Rb5 36. Nd3 Nxd3 37. Rxd3 Rxc5 38. Rxa3 $16 {KR-KR} Rc2 39. Kf3 Kg7 40. h4 h5 41. Ke3 e5 42. Kd3 Rb2 43. Ra5 Kf6 44. Ra6+ ({White should play} 44. a4 $18) 44... Ke7 (44... Kf5 $16) 45. a4 $18 {[%cal Ba2a4,Ba4a5,Ba5a6][%mdl 32]} e4+ 46. Ke3 (46. Kxe4 $6 Rxe2+ 47. Kf3 Ra2 $16) 46... Ra2 47. a5 Kd7 (47... Ra4 $142 48. Ra8 Kf6) 48. Ra7+ ({Don't take} 48. Kxe4 $6 Rxe2+ 49. Kf3 Ra2 $16) 48... Ke6 49. a6 Ke5 50. Ra8 $2 ({Don't do} 50. Rxf7 $6 Ra3+ 51. Kd2 Ra2+ 52. Kc3 Ra3+ 53. Kc4 Rxa6 $16) (50. f4+ $18 exf3 51. Kxf3 (51. exf3 Ra3+ 52. Ke2 Kd5 $16)) 50... Ra3+ $11 51. Kd2 Kf5 $1 52. Kc2 {Strongly threatening Kb2.} Kg4 $1 53. Re8 Rxa6 {aiming for ...f5.} 54. Rxe4+ Kf5 (54... Kh3 $1 $11 {remains equal.}) 55. Rf4+ Ke6 56. Rb4 Ra2+ 57. Kd3 Ra3+ 58. Kd2 Ra2+ 59. Ke3 Rc2 60. Rb5 Ra2 61. Rb3 Kf6 62. Rb4 Rc2 63. Kf3 Ra2 64. e4 Rc2 65. Ke3 Ra2 66. f3 Ra3+ 67. Kf4 Rc3 68. Rb6+ Kg7 69. Rb5 Ra3 70. Rb7 Kf6 71. Rb5 (71. Rb6+ $16 Ke7 72. Rb7+ Ke6 73. Rb6+ Ke7 74. Rb5) 71... Rc3 (71... Kg7 $1 $11) 72. Rb1 Ra3 73. Re1 Rb3 74. Re3 Rb4 75. Ra3 Rc4 76. Ke3 Rb4 77. Rd3 Ra4 78. Rb3 Rc4 79. Kf4 Ra4 80. Rb6+ Kg7 81. Rb7 Kf6 82. g4 hxg4 83. Kxg4 Ra1 84. f4 Rg1+ 85. Kf3 Rh1 86. e5+ Ke6 87. Rb6+ Ke7 88. Kg3 Rg1+ 89. Kf3 Rh1 90. Kg3 Rg1+ 91. Kf3 Rh1 92. Rb7+ Ke6 93. Rb4 Ke7 94. Kg3 Rg1+ 95. Kh2 Rg4 96. Kh3 Rg1 97. Rb7+ Kf8 98. Rb3 Rh1+ 99. Kg4 Rg1+ ({Black should try} 99... Kg7 $11) 100. Rg3 $14 Rf1 101. Rg2 Ke7 102. Kg5 (102. h5 $1 $14) 102... Ke6 $1 $11 103. Ra2 Rg1+ 104. Kh6 Rg4 (104... Kf5 $1 $11) 105. Ra6+ $14 Ke7 $1 106. Rf6 (106. Ra4 $14) 106... Kf8 $1 $11 107. e6 Rxh4+ {[#]} 108. Kg5 $1 {[%mdl 512]} Rh5+ 109. Kg4 {[#]} Rf5 $1 {[%mdl 512]} 110. Rxf5 gxf5+ 111. Kxf5 {Kf6 would kill now.} Ke7 112. Ke4 {White threatens exf7 and mate.} Kf8 $2 {[%mdl 8192]} (112... Kxe6 $11 113. f5+ Kf6) 113. Kf5 $2 (113. exf7 {mates} Kg7 114. Ke5 Kxf7 115. Kf5 Kg8 116. Kg6 Kf8 117. f5 Ke7 118. f6+ Ke8 119. Kg7) 113... Ke7 114. Ke4 {Accuracy: White = 76%, Black = 64%.} 1/2-1/2

[Event "Turkish Super League 2019"]
[Site "Konya"]
[Date "2019.07.20"]
[Round "4"]
[White "Samani, Yamac"]
[Black "Yuksel, Atilla Koksal"]
[Result "1/2-1/2"]
[WhiteElo "2266"]
[BlackElo "2241"]
[Annotator "NA"]
[PlyCount "95"]
[EventDate "2019.07.17"]
[EventType "team-tourn"]
[EventCountry "TUR"]
[SourceTitle "playchess.com"]
[Source "ChessBase"]
[SourceQuality "1"]
[TimeControl "40/5400+30:1800+30"]

1. e4 c5 2. Nf3 Nc6 3. c3 d5 4. exd5 Qxd5 5. d4 Bg4 6. Be2 e6 7. h3 Bh5 8. c4 Qd7 9. g4 Bg6 10. d5 exd5 11. cxd5 Nb4 12. Ne5 Qxd5 13. O-O O-O-O 14. Qxd5 Rxd5 15. Nxg6 hxg6 16. Nc3 Rd7 17. Bb5 Rd8 18. Bf4 Rxh3 19. Rad1 Be7 {[%emt 1:26:48]} 20. Rxd8+ {[%emt 0:52:00]} Bxd8 {[%emt 0:00:30]} 21. Rd1 {[%emt 0:00:30]} Nc6 {[%emt 0:00:30]} 22. Kg2 {[%emt 0:06:30]} Rh8 {[%emt 0:00:46]} 23. Bc4 {[%emt 0:14:30]} g5 {[%emt 0:02:20]} 24. Bg3 {[%emt 0:01:30]} Nh6 {[%emt 0:01:39]} 25. f3 {[%emt 0:05:30]} Bc7 {[%emt 0:02:13]} 26. Rd5 {[%emt 0:03:45]} Rd8 {[%emt 0:02:12]} 27. Bxc7 {[%emt 0:00:45]} Kxc7 {[%emt 0:00:30]} 28. Rxg5 {[%emt 0:00:00]} Rd2+ {[%emt 0:01:08]} 29. Kg3 {[%emt 0:00:17]} g6 {[%emt 0:00:29]} 30. Rxc5 {[%emt 0:00:40]} Rxb2 {[%emt 0:00:43]} 31. Kf4 {[%emt 0:04:39]} Kd6 {[%emt 0:04:22]} 32. Ne4+ {[%emt 0:03:09]} Ke7 {[%emt 0:00:11]} 33. Bd5 {[%emt 0:01:11]} Rb6 {[%emt 0:00:36]} 34. Kg5 {[%emt 0:06:45]} Ng8 {[%emt 0:00:06]} 35. Bb3 {[%emt 0:00:09]} Ra6 {[%emt 0:01:30]} 36. Kf4 {[%emt 0:03:17]} Nf6 {[%emt 0:00:34]} 37. Ng5 {[%emt 0:00:25]} Nd7 {[%emt 0:00:24]} 38. Rc1 {[%emt 0:01:10]} Nd8 {[%emt 0:00:53]} 39. Re1+ {[%emt 0:00:40]} Ne6+ {[%emt 0:00:34]} 40. Nxe6 {[%emt 0:00:50]} fxe6 {[%emt 0:00:00]} 41. Kg5 {[%emt 0:04:18]} Nf8 {[%emt 0:03:32]} 42. f4 {[%emt 0:01:30]} Kf7 {[%emt 0:11:39]} 43. Re5 {[%emt 0:08:05]} Nh7+ {[%emt 0:02:00]} 44. Kh6 {[%emt 0:00:28]} Nf6 {[%emt 0:01:41]} 45. Kg5 {[%emt 0:06:18]} Nh7+ {[%emt 0:01:12]} 46. Kh6 {[%emt 0:00:17]} Nf6 {[%emt 0:01:59]} 47. Kg5 {[%emt 0:00:08]} Nh7+ {[%emt 0:06:17]} 48. Kh6 {[%emt 0:00:36]} 1/2-1/2

[Event "Turkish Super League 2019"]
[Site "Konya"]
[Date "2019.07.20"]
[Round "4"]
[White "Uysal, Burak"]
[Black "Sevgi, Volkan"]
[Result "0-1"]
[WhiteElo "2228"]
[BlackElo "2302"]
[Annotator "NA"]
[PlyCount "62"]
[EventDate "2019.07.17"]
[EventType "team-tourn"]
[EventCountry "TUR"]
[SourceTitle "playchess.com"]
[Source "ChessBase"]
[SourceQuality "1"]
[TimeControl "40/5400+30:1800+30"]

1. e4 c5 2. Nf3 Nc6 3. Bb5 g6 4. Bxc6 bxc6 5. O-O Bg7 6. Re1 Nh6 7. c3 O-O 8. d4 cxd4 9. cxd4 d5 10. e5 f6 11. h3 Nf7 12. Nc3 Rb8 13. Qa4 fxe5 14. Qxa7 Rb7 15. Qc5 e4 16. Nh2 Qd6 17. Na4 Rb4 18. Qc2 Bxd4 19. Be3 Ne5 {[%emt 0:54:30]} 20. Rad1 {[%emt 1:25:52]} Nd3 {[%emt 0:00:30]} 21. Re2 {[%emt 0:00:25]} Bxe3 {[%emt 0:09:30]} 22. fxe3 {[%emt 0:01:02]} Rc4 {[%emt 0:03:30]} 23. Nc3 {[%emt 0:00:53]} Bxh3 {[%emt 0:00:30]} 24. Rxd3 {[%emt 0:04:48]} exd3 {[%emt 0:01:30]} 25. Qxd3 {[%emt 0:00:05]} Bf5 {[%emt 0:00:30]} 26. Qd1 {[%emt 0:01:52]} Bg4 {[%emt 0:01:30]} 27. Nxg4 {[%emt 0:03:14]} Rxg4 {[%emt 0:00:30]} 28. e4 {[%emt 0:00:16]} Qc5+ {[%emt 0:00:30]} 29. Kh2 {[%emt 0:00:21]} d4 {[%emt 0:00:30]} 30. Na4 {[%emt 0:04:06]} Qh5+ {[%emt 0:00:00]} 31. Kg1 {[%emt 0:00:20]} Rh4 {[%emt 0:00:00]} 0-1

[Event "Turkish Super League 2019"]
[Site "Konya"]
[Date "2019.07.20"]
[Round "4"]
[White "Yaran, Siar"]
[Black "Akdogan, Alperen"]
[Result "1/2-1/2"]
[WhiteElo "2197"]
[BlackElo "2193"]
[Annotator "NA"]
[PlyCount "100"]
[EventDate "2019.07.17"]
[EventType "team-tourn"]
[EventCountry "TUR"]
[SourceTitle "playchess.com"]
[Source "ChessBase"]
[SourceQuality "1"]
[TimeControl "40/5400+30:1800+30"]

1. g3 Nf6 2. Bg2 d5 3. Nf3 e6 4. O-O Be7 5. b3 O-O 6. Bb2 b6 7. c4 Bb7 8. e3 c5 9. Nc3 Nbd7 10. Qe2 Ne4 11. Rfd1 Bf6 12. cxd5 exd5 13. d4 Qe7 14. Rac1 Rfd8 15. dxc5 Ndxc5 16. Nd4 g6 17. Qe1 a6 18. Nde2 {[%emt 1:03:00]} Ne6 {[%emt 1:18:00]} 19. Rc2 {[%emt 0:08:30]} Bg7 {[%emt 0:04:53]} 20. Na4 {[%emt 0:19:58]} Bxb2 {[%emt 0:01:18]} 21. Nxb2 {[%emt 0:01:40]} Rac8 {[%emt 0:06:27]} 22. Rxc8 {[%emt 0:04:41]} Rxc8 {[%emt 0:00:18]} 23. Rc1 {[%emt 0:02:08]} Rd8 {[%emt 0:02:41]} 24. Na4 {[%emt 0:00:39]} b5 {[%emt 0:04:09]} 25. Nac3 {[%emt 0:00:00]} Qb4 {[%emt 0:02:38]} 26. Kf1 {[%emt 0:00:31]} Rc8 {[%emt 0:00:30]} 27. Nxe4 {[%emt 0:00:30]} Qxe1+ {[%emt 0:00:30]} 28. Kxe1 {[%emt 0:00:30]} Rxc1+ {[%emt 0:00:30]} 29. Nxc1 {[%emt 0:00:30]} dxe4 {[%emt 0:00:30]} 30. b4 {[%emt 0:00:05]} Kf8 {[%emt 0:01:18]} 31. Kd2 {[%emt 0:01:08]} Ke7 {[%emt 0:00:08]} 32. Kc3 {[%emt 0:00:23]} Kd6 {[%emt 0:00:12]} 33. Nb3 {[%emt 0:01:13]} f5 {[%emt 0:01:36]} 34. a3 {[%emt 0:00:47]} Ke5 {[%emt 0:00:45]} 35. h4 {[%emt 0:00:32]} Bd5 {[%emt 0:00:26]} 36. Nd2 {[%emt 0:00:39]} h6 {[%emt 0:00:07]} 37. Bf1 {[%emt 0:00:06]} g5 {[%emt 0:00:54]} 38. hxg5 {[%emt 0:00:30]} hxg5 {[%emt 0:00:00]} 39. a4 {[%emt 0:00:27]} Nc7 {[%emt 0:00:00]} 40. axb5 {[%emt 0:00:00]} axb5 {[%emt 0:00:00]} 41. Nb1 {[%emt 0:08:03]} Be6 {[%emt 0:06:40]} 42. Kb2 {[%emt 0:05:20]} Nd5 {[%emt 0:02:30]} 43. Ka3 {[%emt 0:00:06]} Bd7 {[%emt 0:01:30]} 44. Kb3 {[%emt 0:00:39]} f4 {[%emt 0:06:17]} 45. Nc3 {[%emt 0:06:24]} Nxc3 {[%emt 0:14:01]} 46. Kxc3 {[%emt 0:01:02]} f3 {[%emt 0:00:18]} 47. Kb2 {[%emt 0:01:31]} g4 {[%emt 0:00:26]} 48. Kc3 {[%emt 0:00:52]} Kd5 {[%emt 0:00:13]} 49. Kb3 {[%emt 0:00:36]} Kc6 {[%emt 0:01:28]} 50. Kc3 {[%emt 0:02:12]} Kd5 {[%emt 0:00:27]} 1/2-1/2

[Event "Turkish Super League 2019"]
[Site "Konya"]
[Date "2019.07.20"]
[Round "4"]
[White "Aydin, Hakan Arda"]
[Black "Tasdogen, Dincer"]
[Result "0-1"]
[WhiteElo "1956"]
[BlackElo "2310"]
[Annotator "NA"]
[PlyCount "64"]
[EventDate "2019.07.17"]
[EventType "team-tourn"]
[EventCountry "TUR"]
[SourceTitle "playchess.com"]
[Source "ChessBase"]
[SourceQuality "1"]
[TimeControl "40/5400+30:1800+30"]

1. e4 g6 2. d4 Bg7 3. Nc3 d5 4. exd5 Nf6 5. Be3 Nbd7 6. g3 Nb6 7. Bg2 Nbxd5 8. Nxd5 Nxd5 9. Ne2 Nxe3 10. fxe3 c6 11. O-O h5 12. Qd3 h4 13. Qb3 Bf6 14. e4 Bxd4+ 15. Kh1 Be6 16. Qxb7 hxg3 17. Nxg3 Kf8 18. Rad1 Kg7 {[%emt 0:56:00]} 19. Ne2 {[%emt 1:24:00]} Qd6 {[%emt 0:00:30]} 20. Nf4 {[%emt 0:00:30]} Rxh2+ {[%emt 0:00:30]} 21. Kxh2 {[%emt 0:00:30]} Rh8+ {[%emt 0:00:30]} 22. Kg3 {[%emt 0:00:30]} g5 {[%emt 0:00:30]} 23. Rxd4 {[%emt 0:04:51]} gxf4+ {[%emt 0:00:30]} 24. Rxf4 {[%emt 0:00:45]} Qxd4 {[%emt 0:00:30]} 25. Qxe7 {[%emt 0:00:11]} Rh6 {[%emt 0:04:30]} 26. Qa3 {[%emt 0:02:32]} Qg1 {[%emt 0:02:30]} 27. Qc3+ {[%emt 0:00:25]} Kg8 {[%emt 0:00:30]} 28. Kf3 {[%emt 0:02:57]} Rg6 {[%emt 0:15:30]} 29. Qd2 {[%emt 0:00:41]} Bh3 {[%emt 0:00:30]} 30. Qd8+ {[%emt 0:00:57]} Kg7 {[%emt 0:00:30]} 31. Bxh3 {[%emt 0:03:45]} Rg3+ {[%emt 0:00:00]} 32. Ke2 {[%emt 0:00:20]} Re3+ {[%emt 0:00:00]} 0-1

[Event "Turkish Super League 2019"]
[Site "Konya"]
[Date "2019.07.21"]
[Round "5"]
[White "Inarkiev, Ernesto"]
[Black "Alekseenko, Kirill"]
[Result "1/2-1/2"]
[WhiteElo "2693"]
[BlackElo "2650"]
[Annotator "TA"]
[PlyCount "141"]
[EventDate "2019.07.17"]
[EventType "team-tourn"]
[EventCountry "TUR"]
[SourceTitle "playchess.com"]
[Source "ChessBase"]
[SourceQuality "1"]

{[%evp 12,141,8,15,20,16,14,22,11,8,9,16,13,10,23,20,22,20,34,28,29,29,29,29,75,75,79,20,20,28,35,22,16,-4,0,-29,-29,-75,-63,-75,-68,-81,-81,-200,-190,-262,-272,-238,-196,-283,-254,-297,-293,-292,-292,-273,-255,-267,-252,-354,-260,-245,-231,-231,-186,-431,-262,-606,-610,-572,-547,-535,-500,-1576,-1551,-1435,-1505,-620,-1002,-1021,-813,-960,-859,-839,-810,-1621,-1357,-29938,-12822,-1908,-58,-58,-58,-58,-58,-58,-58,-59,-59,-641,0,0,0,0,0,0,0,0,0,0,0,0,0,0,0,0,0,0,0,0,0,0,0,0,0,0,0,0,0,0,0,0]} 1. c4 e5 2. Nc3 Nc6 ({Predecessor:} 2... Nf6 3. Nf3 {½-½ (15) Cobb,C (2406)-Brynell,S (2473) Izmir 2004}) 3. Nf3 Nf6 4. e3 Bb4 5. Qc2 Bxc3 6. Qxc3 Qe7 7. Be2 d5 $146 {A28: English Opening: Four Knights Variation} (7... O-O 8. d4 Ne4 9. Qc2 exd4 10. exd4 Qb4+ 11. Bd2 Nxd2 12. Qxd2 Qxd2+ 13. Kxd2 d6 14. h3 Bd7 15. Rhe1 Rfe8 {½-½ (30) Vitiugov,N (2709)-Kryvoruchko,Y (2698) Germany 2019}) 8. d4 exd4 9. Nxd4 Nxd4 10. Qxd4 c5 11. Qf4 dxc4 12. Bxc4 O-O 13. b3 Be6 14. Bb2 Bxc4 15. Bxf6 Qxf6 16. Qxf6 gxf6 17. bxc4 $11 {[%mdl 4096] Endgame KRR-KRR} a6 18. O-O-O Rfd8 19. h4 (19. a4 $16) 19... b5 20. Kc2 Kg7 21. h5 f5 22. Rb1 b4 23. Rh4 Rd6 24. Rd1 Rxd1 25. Kxd1 $17 {next Rf4 is good for White. KR-KR} Kf6 26. Rf4 Re8 27. g4 (27. Kc2 $17) 27... Re5 $19 28. Ke2 (28. Rf3 $142) 28... a5 29. gxf5 Kg5 30. f3 (30. Rf3 $142) 30... Rxf5 31. Re4 Kf6 32. Rh4 Rg5 33. Kf2 a4 34. Rh1 Rg8 35. f4 (35. Rb1 $142) 35... Rb8 36. Rb1 Kg7 37. Ke2 Kh6 38. Kd3 $2 (38. Kf3) 38... f5 39. Kc2 $2 (39. e4 Rd8+ 40. Ke3) 39... Rg8 40. Rd1 Rg2+ 41. Kb1 {and the idea Rd5 leaves White hopeful.} Kxh5 42. Rd5 (42. Rd7 $142 a3 43. Rxh7+ Kg4 44. Rc7) 42... Kg4 43. Rxc5 h5 44. Rc8 h4 45. Rg8+ {[#]} Kf3 $1 {[%mdl 512]} 46. Rh8 Rg4 47. c5 Kg3 48. e4 fxe4 49. f5 e3 (49... h3 $142 50. Kc2 e3 51. Re8 h2 52. Rxe3+ {[#]} Kf4 $1 {[%mdl 512]} 53. Rh3 Rg2+ 54. Kc1 a3 55. Kb1 Rg1+ 56. Kc2 b3+ $1 {[%mdl 576] Promotion} 57. Kxb3 Rg3+ 58. Rxg3 Kxg3 59. Kxa3 h1=Q 60. Kb3 Kf4 61. f6 Qb7+ 62. Kc4 Ke5 63. a4 Qa6+ $1 {[%mdl 512]} 64. Kc3 Qxa4 65. f7 Qd4+ {[%mdl 64] Double Attack} 66. Kc2 Qxc5+ 67. Kd3 Qd5+ 68. Ke2 Qxf7 69. Ke3 Qb3+ 70. Ke2 Ke4 71. Kf2 Qf3+ 72. Ke1 Qg2 73. Kd1 Kd3 74. Ke1 Qg1#) 50. Re8 Kf2 $2 (50... h3 $19 {( -> ...h2)} 51. Rxe3+ Kh4) 51. f6 $15 e2 $1 {[%cal Re2e1]} 52. f7 $1 {[%cal Rf7f8]} Rf4 53. f8=Q e1=Q+ 54. Rxe1 Rxf8 {KR-KR} 55. Re7 $2 {[%mdl 8192]} (55. Rd1 $15) 55... Rg8 $2 ({Black should play} 55... Rc8 $19 56. a3 b3) 56. Rh7 $11 {The position is equal.} Kg3 57. c6 {[%cal Bc5c6,Bc6c7][%mdl 32]} h3 58. c7 $1 h2 59. Kb2 $1 a3+ (59... Re8 $5) 60. Kb3 Kg2 (60... Rc8 $5 61. Rg7+ $8 Kf2 $11) 61. Kxb4 h1=Q 62. Rxh1 Kxh1 63. Kxa3 {KR-KPP} Rc8 64. Kb4 Kg2 65. a4 Kf3 66. Kb5 Rxc7 67. a5 Ke4 68. Kb6 Rc1 69. a6 Ra1 70. a7 Rxa7 71. Kxa7 {Accuracy: White = 45%, Black = 61%.} 1/2-1/2